LEADER 01056nam0 22002651i 450 001 UON00336428 005 20231205104241.35 100 $a20091007d1945 |0itac50 ba 101 $ager 102 $aCH 105 $a|||| 1|||| 200 1 $aGesammelte Werke. 3.: Eztramundana, Schmetterlinge, Literarische Gleichnisse, Balladen, Glockenlieder$fCarl Spitteler$g[hrgs. von Wilhelm Altwegg] 210 $aZürich$cArtemis$dc1945 215 $a738 p., 1 ritr., 1 c. di tav. ripieg.$d21 cm. 620 $aCH$dZürich$3UONL003145 676 $a830$cLetteratura tedesca$v21 700 1$aSPITTELER$bCarl$3UONV190243$0440649 702 1$aALTWEGG$bWilhelm$3UONV190244 712 $aArtemis$3UONV247784$4650 801 $aIT$bSOL$c20240220$gRICA 899 $aSIBA - SISTEMA BIBLIOTECARIO DI ATENEO$2UONSI 912 $aUON00336428 950 $aSIBA - SISTEMA BIBLIOTECARIO DI ATENEO$dSI TED 24 I SPI 02 bis $eSI ST 1238 5 02 bis 996 $aGesammelte Werke$91364100 997 $aUNIOR